Pages de début (notice n° 1581705)

détails MARC
000 -LEADER
fixed length control field 02091cam a2200505 4500500
005 - DATE AND TIME OF LATEST TRANSACTION
control field 20251228051331.0
041 ## - LANGUAGE CODE
Language code of text/sound track or separate title fre
042 ## - AUTHENTICATION CODE
Authentication code dc
100 10 - MAIN ENTRY--PERSONAL NAME
Personal name Catherinot, Paul
Relator term author
245 00 - TITLE STATEMENT
Title Pages de début
260 ## - PUBLICATION, DISTRIBUTION, ETC.
Date of publication, distribution, etc. 2024.<br/>
500 ## - GENERAL NOTE
General note 94
520 ## - SUMMARY, ETC.
Summary, etc. La ville de Chartres et le Centre des monuments nationaux célèbrent à partir de cet automne, pour une année, le millénaire de la cathédrale de Chartres, première cathédrale de France inscrite au patrimoine mondial de l’Unesco, dont le trésor vient d’être superbement restauré. À l’occasion de cet anniversaire, le musée des Beaux-Arts de la ville présente une série d’expositions exhumant sculptures et manuscrits enluminés.
700 10 - ADDED ENTRY--PERSONAL NAME
Personal name Mrdjenovic, Pierre
Relator term author
700 10 - ADDED ENTRY--PERSONAL NAME
Personal name Goudot, Marie
Relator term author
700 10 - ADDED ENTRY--PERSONAL NAME
Personal name Corman, Antoine
Relator term author
700 10 - ADDED ENTRY--PERSONAL NAME
Personal name Rey, Jean-Michel
Relator term author
700 10 - ADDED ENTRY--PERSONAL NAME
Personal name Jenni, Alexis
Relator term author
700 10 - ADDED ENTRY--PERSONAL NAME
Personal name Adani, Franck
Relator term author
700 10 - ADDED ENTRY--PERSONAL NAME
Personal name Martignon, Maxime
Relator term author
700 10 - ADDED ENTRY--PERSONAL NAME
Personal name Pierron, Jean-Philippe
Relator term author
700 10 - ADDED ENTRY--PERSONAL NAME
Personal name Garnier, Gautier
Relator term author
700 10 - ADDED ENTRY--PERSONAL NAME
Personal name de Bujadoux, Jean-Félix
Relator term author
700 10 - ADDED ENTRY--PERSONAL NAME
Personal name Goldman, Oury
Relator term author
700 10 - ADDED ENTRY--PERSONAL NAME
Personal name Bresch, Clément
Relator term author
700 10 - ADDED ENTRY--PERSONAL NAME
Personal name Rivet de Sabatier, Philippe
Relator term author
700 10 - ADDED ENTRY--PERSONAL NAME
Personal name Labey, Gildas
Relator term author
700 10 - ADDED ENTRY--PERSONAL NAME
Personal name Pinel, Élodie
Relator term author
700 10 - ADDED ENTRY--PERSONAL NAME
Personal name Porée, Jérôme
Relator term author
700 10 - ADDED ENTRY--PERSONAL NAME
Personal name Loizillon, Victor
Relator term author
700 10 - ADDED ENTRY--PERSONAL NAME
Personal name Gaulme, François
Relator term author
700 10 - ADDED ENTRY--PERSONAL NAME
Personal name Euvé, François
Relator term author
700 10 - ADDED ENTRY--PERSONAL NAME
Personal name Choquet, Pierre-Louis
Relator term author
700 10 - ADDED ENTRY--PERSONAL NAME
Personal name Koller, Sylvie
Relator term author
700 10 - ADDED ENTRY--PERSONAL NAME
Personal name Cournarie, Paul
Relator term author
700 10 - ADDED ENTRY--PERSONAL NAME
Personal name Baujard, Monique
Relator term author
700 10 - ADDED ENTRY--PERSONAL NAME
Personal name Lederlin, Fanny
Relator term author
700 10 - ADDED ENTRY--PERSONAL NAME
Personal name Casadebaig, Daniel
Relator term author
700 10 - ADDED ENTRY--PERSONAL NAME
Personal name Dolbeau, Samuel
Relator term author
700 10 - ADDED ENTRY--PERSONAL NAME
Personal name Gautier, Benoît
Relator term author
700 10 - ADDED ENTRY--PERSONAL NAME
Personal name Perrot, Étienne
Relator term author
700 10 - ADDED ENTRY--PERSONAL NAME
Personal name Connen, François-Xavier
Relator term author
786 0# - DATA SOURCE ENTRY
Note Études | Javier | 1 | 2024-12-12 | p. 1-1 | 0014-1941
856 41 - ELECTRONIC LOCATION AND ACCESS
Uniform Resource Identifier <a href="https://shs.cairn.info/revue-etudes-2025-1-page-1?lang=fr&redirect-ssocas=7080">https://shs.cairn.info/revue-etudes-2025-1-page-1?lang=fr&redirect-ssocas=7080</a>

Pas d'exemplaire disponible.

PLUDOC

PLUDOC est la plateforme unique et centralisée de gestion des bibliothèques physiques et numériques de Guinée administré par le CEDUST. Elle est la plus grande base de données de ressources documentaires pour les Étudiants, Enseignants chercheurs et Chercheurs de Guinée.

Adresse

627 919 101/664 919 101

25 boulevard du commerce
Kaloum, Conakry, Guinée

Réseaux sociaux

Powered by Netsen Group @ 2025